It looks like you're offline.
Open Library logo
additional options menu

MARC record from Internet Archive

LEADER: 01449mam 2200241 4500
001 122732
008 760621m1875 pau 000 0 eng
010 $a 45028287
035 $a(OCoLC)02271017
035 $9AAP3519PS
040 $aDLC$cMRC$dMRC$dOCL
049 $aPTSS
050 0 $aBX8711.A7$bB3
100 1 $aSwedenborg, Emanuel,$d1688-1772.
245 14 $aThe Swedenborg library.$cEdited by B. F. Barrett.
260 $aPhiladelphia,$bClaxton, Remsen & Haffelfinger$c[1875-81]
300 $a12 v.$bfront. (v. 12, port.)$c15 cm.
500 $aVols 6-12 have imprint: Philadelphia, E. Claxton & co.
505 0 $a v. 1. Death, resurrection and the judgment.--v. 2. Heaven; being the substance of the offical report of a credible eye-witness.--v. 3. Freedom, rationality, and catholicity.--v. 4. Divine providence and its laws.--v. 5. Charity, faith and works.--v. 6. Free-will, repentance, reformation and regeneration.--v. 7. Holy Scripture and the key to its spiritual sense.--v. 8. Creation, incarnation, redemption, and the divine Trinity.--v. 9. Marriage and the sexes in both worlds.--v. 10. The author's Memorabilia.--v. 11. The heavenly doctrine of the Lord.--v. 12. Swedenborg: with a compend of his teachings.
610 20 $aGeneral Convention of the New Jerusalem in the United States of America$xCollected works.
650 0 $aTheology$y18th century.
700 1 $aBarrett, B. F.$q(Benjamin Fiske),$d1808-1892,$eed.
948 $aBX9747 .S932